| 000 | 00506nam a2200181Ia 4500 | ||
|---|---|---|---|
| 003 | GCL | ||
| 008 | 140319s9999 xx 000 0 eng d | ||
| 040 |
_aGCL / _cGCL |
||
| 082 | 0 | 4 |
_a338 _bF I |
| 100 | 1 | _aFERGUSON, PAUL R. | |
| 245 | 1 | 0 |
_aINDUSTRIAL ECONOMICS: ISSUES AND PERSPECTIVE, 2ND ED. / _cFERGUSON, PAUL R. |
| 700 | 1 | _aFERGUSON, GLENYS | |
| 260 |
_a[S.N] : _bTHE MACMILLAN PRESS LTD. ، _c1988 |
||
| 300 | _a309\P | ||
| 650 | 0 | 4 | _aECONOMICS |
| 650 | 0 | 4 | _aINDUSTRIAL ECONOMICS |
| 942 |
_2ddc _cBK |
||
| 999 |
_c23516 _d23516 |
||